| 000 | 00471nam a22001577a 4500 | ||
|---|---|---|---|
| 003 | OSt | ||
| 005 | 20230404105554.0 | ||
| 008 | 230404b |||||||| |||| 00| 0 eng d | ||
| 020 | _a978-0-323-37731-7 | ||
| 040 | _cCML | ||
| 082 | _a615.854NIX | ||
| 245 |
_aWILLIAMS' BASIC NUTRITION AND DIET THERAPY _cBY NIX, STACI |
||
| 260 |
_aMISSOURI _bELSEVIER _c2017 |
||
| 300 |
_bxviii, 507p. _c15th ed.; includes bibliographical references and index |
||
| 942 |
_2ddc _cBK _k615.854 _mNIX |
||
| 999 |
_c3998 _d3998 |
||